00611nam a2200157Ia 4500008004100000100001700041245010500058245004800163260005300211260001300264300000800277650001500285856006100300999001900361952007300380170221s9999 xx 000 0 und d aM.V. Kitaeva aMathematical Models of Multi-criteria Optimization of Subsystems of Higher Educational Institutions  cM.V. Kitaeva, N.V. Speshilova, V. N. Shepel bInternational Review of Management and Marketing cMay 2013 a2:2 xMarketing. uhttp://www.econjournals.com/index.php/irmm/issue/view/83 c310267d310267 001040aCLbCLd2017-02-21l0r2017-02-21 00:00:00w2017-02-21yFOJ